000 00576nam a2200193 a 4500
999 _c4244
_d4244
020 _a0534549217 (hardcover)
020 _a9780534549213 (hardcover)
082 _a620.1 SOU
100 1 _aSoutas-Little, Robert W.
245 1 0 _aEngineering Mechanics : Statics Computational
250 _a1st ed.
260 _a[S.l.] :
_bCengage Learning,
_c2007.
300 _a504 p. ;
650 _aEngineering Mechanics- Static
700 1 _aInman, Daniel J.
700 1 _aBalint, Daniel.
856 4 0 _uhttp://www.amazon.com/exec/obidos/ASIN/0534549217/chopaconline-20
942 _cBK